25 Plus grandes villes d'Allemagne (avec une carte) - Statistiques

Statistiques générales
  • Ce quiz a été pris 110 fois
  • Le résultat moyen est 16 sur 25
Réponses sur la Carte
Les réponses sont colorées sur une échelle allant du rouge au vert en fonction du pourcentage des utilisateurs qui les ont devinées à leur premier essai. Vous pouvez retrouver ces pourcentages ci-dessous.
 
Statistiques - réponses
Lander Ville Population % Correct
- Berlin 3,7 mln
100%
Bavière Munich 1,5 mln
99%
- Hambourg 1,8 mln
97%
Hesse Francfort 750k
95%
- Brême 590k
89%
Bade-Wurtemberg Stuttgart 610k
89%
Rhénanie-du-Nord-Westphalie Cologne 1 mln
88%
Rhénanie-du-Nord-Westphalie Dortmund 600k
87%
Saxe Leipzig 610k
83%
Bavière Nuremberg 530k
83%
Saxe Dresde 560k
80%
Rhénanie-du-Nord-Westphalie Düsseldorf 620k
78%
Basse-Saxe Hanovre 520k
70%
Rhénanie-du-Nord-Westphalie Essen 570k
62%
Rhénanie-du-Nord-Westphalie Bonn 320k
52%
Bade-Wurtemberg Karlsruhe 320k
46%
Bavière Augsbourg 300k
45%
Bade-Wurtemberg Mannheim 320k
44%
Rhénanie-du-Nord-Westphalie Bielefeld 330k
41%
Rhénanie-du-Nord-Westphalie Duisbourg 500k
41%
Rhénanie-du-Nord-Westphalie Gelsenkirchen 270k
39%
Rhénanie-du-Nord-Westphalie Munster 310k
32%
Rhénanie-du-Nord-Westphalie Bochum 360k
31%
Rhénanie-du-Nord-Westphalie Wuppertal 360k
20%
Hesse Wiesbaden 290k
18%
Aucun quiz correspondant
Distribution des résultats
% des personnes avec chaque résultat
Percentile par nombre de réponses
Votre historique - résultats
Vous n’avez pas pris ce quiz